00715nam a2200241 a 4500001001300000003000900013005001700022008004100039020002500080082001600105100002000121245004300141260005000184300000900234500003500243505001000278650002300288700002000311902000800331942000700339952011200346999001500458nice12345678IN_TiNIC20260116012250.0050524s1985 cama grp 000 0 eng  a0521129 c500.500a181.07bHOU aHourani, George aReason and Tradition in Islamic Ethics aCambridge bCambridge University Press c1985 a282p aincludes index and biblioraphy2 aIndex aPhilosophy-Islamic1 aHourani, George bSRS cBK 00104070aHMIbHMId2013-04-09g500.50l9m1o181.07 HOUp012171r2024-02-20s2024-02-13w2026-01-16yEB c6302d6302